| 000 | 02244cas a2200577 4500 | ||
|---|---|---|---|
| 001 | data | ||
| 008 | data | ||
| 005 | 20260322212117.0 | ||
| 010 | _ags 23000243 | ||
| 019 |
_a895076682 _a895076682 |
||
| 022 |
_a0037-9611 _2z |
||
| 023 | 0 |
_a0037-9611 _2z |
|
| 029 | 1 |
_aAU@ _b000001965913 |
|
| 029 | 1 |
_aAU@ _b000045776316 |
|
| 029 | 1 |
_aAU@ _b000051855399 |
|
| 029 | 1 |
_aNLGGC _b851849601 |
|
| 029 | 1 |
_aNZ1 _b3760883 |
|
| 030 | _aMSVNAU | ||
| 035 | _a(OCoLC)1645912 | ||
| 040 |
_aDLC _beng _cMUL _dOCLCQ _dDLC _dAIP _dOCL _dDLC _dNST _dOCLCQ _dOCLCF _dCUS _dAGL _dAOW _dOCLCQ _dNLNAT _dRDF _dNLNAT _dOCLCA _dOCLCQ _dOCLCO _dOCLCQ _dOCLCL _dOCLCQ |
||
| 041 | 0 |
_ager _afre _ager |
|
| 042 | _apcc | ||
| 050 | 0 | 0 |
_aQ67 _b.L33 |
| 070 | 0 |
_a508 _bL37M |
|
| 082 | 0 | 4 |
_a505 _1https://id.oclc.org/worldcat/ddc/E3rqjbqVFrrqdYQFtkxCHHwjrm |
| 110 | 2 |
_aSociété vaudoise des sciences naturelles. _1https://id.oclc.org/worldcat/entity/E39QH7JmpqWhbFJDwtgtC73Vxt |
|
| 210 | 0 | _aMém. Soc. vaudoise sci. nat. | |
| 222 | 0 | _aMémoires de la Société vaudoise des sciences naturelles | |
| 245 | 1 | 0 | _aMémoires de la Société vaudoise des sciences naturelles. |
| 260 |
_aLausanne _b[Société vaudoise des Sciences naturelles] |
||
| 300 |
_avolumes _billustrations, maps (some folded) _c26 cm |
||
| 336 |
_atext _btxt _2rdacontent |
||
| 337 |
_aunmediated _bn _2rdamedia |
||
| 338 |
_avolume _bnc _2rdacarrier |
||
| 362 | 0 | _av. 1- (no 1- ); 29 avril 1922- | |
| 590 | _aSERBIB/SERLOC merged record | ||
| 510 | 0 |
_aChemical abstracts _x0009-2258 |
|
| 546 | _aIn English, French or German. | ||
| 650 | 0 | _aScience. | |
| 650 | 2 | _aScience | |
| 650 | 7 |
_aScience. _2fast _0(OCoLC)fst01108176 |
|
| 655 | 2 | _aPeriodical | |
| 776 | 0 | 8 |
_iOnline version: _aSociété vaudoise des sciences naturelles. _tMémoires de la Société vaudoise des sciences naturelles _w(OCoLC)609851140 |
| 890 |
_aSociété vaudoise des sciences naturelles. Lausanne. Memoires. _igs 23-24311 |
||
| 859 | 4 | 1 |
_uhttp://retro.seals.ch/digbib/vollist?UID=msv-001 _uhttp://retro.seals.ch/digbib/vollist?UID=msv-001 _70 |
| 906 |
_a7 _bcbc _cserials _d3 _encip _f19 _gn-oclcserc |
||
| 920 | _aKeep 1 | ||
| 991 |
_bc-GenColl _hQ67 _i.L33 _wSERIALS |
||
| 992 |
_bcall x7-5305 _wSERLOC |
||
| 999 |
_c1767 _d1767 |
||